000 00716nam a2200289Ia 4500
005 20260121125524.0
008 008 260114s9999 xx 000 0 eng d
020 _a9783865279613
037 _aEBOOK
040 _aCRL
040 _beng
040 _cCRL
041 _2eng
041 _aeng
084 _qCRL
100 _aFine, Ruth
_9994378
245 0 _aCervantes y las religiones
260 _bWalter de Gruyter
260 _bWalter de Gruyter
260 _c2019
650 _aGermanic and Romanic Studies
_9994379
700 _a Navia, Santiago Lopez
_9994380
856 _uhttp://www.degruyter.com/isbn/9783865279613
942 _cEBOOK
999 _c1562611
_d1562611